Statystyki dla Państwa graniczące z Senegalem.

Kliknij tutaj aby rozwiązać quiz!

Ogólne statystyki

  • Ten quiz został rozwiązany 31 razy
  • Średni wynik to 5 z 5

Statystyki odpowiedzi

Długość granicy w kmOdpowiedź% Poprawnych
330Gwinea
100%
419Mali
100%
740Gambia
97%
813Mauretania
97%
338Gwinea Bissau
90%

Rozkład punktacji

Percentyl według liczby udzielonych odpowiedzi

Procent ludzi z każdym wynikiem

Twoja historia wyników

Nie rozwiązałeś tego quizu